| 000 | 005580000a22001810004500 | ||
|---|---|---|---|
| 003 | MACL | ||
| 005 | 20160407160541.0 | ||
| 008 | 160407b xxu||||| |||| 00| 0 eng d | ||
| 040 |
_aMACL _cMACL |
||
| 041 | _aHindi | ||
| 082 | _a530 | ||
| 100 |
_aराजेश जैन _951077 |
||
| 245 | _aउर्जा विज्ञान एवं नेनो टेक्नोलॉजी | ||
| 260 |
_bअन्तरा प्रकाशन _c2008 _aदिल्ली |
||
| 350 | _a150 | ||
| 650 |
_aTechnology _951078 |
||
| 942 |
_cHIN _k530 _2ddc |
||
| 999 |
_c22023 _d22023 |
||